[Event "Ch Spain (team)"]
[Site "masterchessopen.com - Alicante (Spain)"]
[Round "0"]
[White "Campos Moreno Javier B (CHI)"]
[Black "Bellon Lopez Juan Manuel (ESP)"]
[Result "0-1"]
[WhiteElo "2488"]
[BlackElo "2470"]

1.d4 Nf6 2.c4 c5 3.d5 e6 4.Nc3 exd5 5.cxd5 g6 6.e4 d6 7.Nf3 Bg7 8.h3 O-O 9.Bd3
b5 10.Bxb5 Nxe4 11.Nxe4 Qa5+ 12.Nfd2 Qxb5 13.Nxd6 Qd3 14.Qb3 Ba6 15.Qxd3 Bxd3
16.N2c4 Na6 17.Kd2 Nb4 18.a3 Bxc4 19.Nxc4 Nxd5 20.Kc2 Rfe8 21.Ne3 Nf4 22.Bd2
Rad8 23.Rad1 Bd4 24.g3 Nd3 25.Kxd3 Bxe3+ 26.Kc2 Bxf2 27.Bc3 Bxg3 28.Bf6 Re2+
29.Kb1 Rxd1+ {#R} 0-1

[Event "It (open) \"]
[Site "masterchessopen.com - Budapest (Hungary)"]
[Round "0"]
[White "Fominyh Alexander (RUS)"]
[Black "Gocheva Rumiana B (BUL)"]
[Result "1-0"]
[WhiteElo "2479"]
[BlackElo "2152"]

1.d4 Nf6 2.Nf3 c5 3.d5 e6 4.c4 exd5 5.cxd5 d6 6.Nc3 g6 7.e4 Bg7 8.h3 O-O 9.Bd3
b5 10.Nxb5 Nxe4 11.O-O a6 12.Na3 Nf6 13.Nc4 Bb7 14.Bf4 Bxd5 15.Nxd6 Nh5 16.Bh2
Bxb2 17.Bxg6 hxg6 18.Qxd5 Bxa1 19.Qxa8 Bg7 20.Rb1 Nd7 21.Qxa6 Qa8 22.Qc4 Nhf6
23.a4 Qd5 24.a5 Qxc4 25.Nxc4 Ra8 26.Rb7 Bf8 27.g4 Rd8 28.a6 {#r} 1-0

[Event "It"]
[Site "masterchessopen.com - Kecskemet (Hungary)"]
[Round "8"]
[White "Blees Albert (NED)"]
[Black "Tolnai Tibor (HUN)"]
[Result "1-0"]
[WhiteElo "2345"]
[BlackElo "2470"]

1.d4 Nf6 2.c4 e6 3.Nf3 c5 4.d5 exd5 5.cxd5 d6 6.Nc3 g6 7.e4 Bg7 8.h3 O-O 9.Bd3
b5 10.Nxb5 Nxe4 11.Bxe4 Re8 12.Nd2 Ba6 13.a4 Qa5 14.Nxd6 Nd7 15.g4 Ne5 16.Ra3
Qb4 17.Qc2 Bh6 18.Kd1 Qd4 19.Re1 Bf4 20.Nxe8 Rxe8 21.Bf3 Kg7 22.Qc3 Qxf2
23.Ne4 Qh2 24.Bxf4 Qxf4 25.Qd2 {#r} 1-0

[Event "It (open)"]
[Site "masterchessopen.com - Szekszard (Hungary)"]
[Round "3"]
[White "Boensch Uwe (GER)"]
[Black "Molnar Attila (AUT)"]
[Result "1-0"]
[WhiteElo "2530"]
[BlackElo "2095"]

1.d4 Nf6 2.c4 e6 3.Nc3 c5 4.d5 exd5 5.cxd5 d6 6.e4 g6 7.Nf3 Bg7 8.h3 O-O 9.Bd3
Re8 10.O-O Na6 11.Re1 Nc7 12.a4 b6 13.Bf4 Nh5 14.Bg5 Qd7 15.Qd2 Bb7 16.g4 Nf6
17.Qf4 Qe7 18.Rad1 Rec8 19.Bc4 Nce8 20.e5 dxe5 21.Nxe5 Qf8 22.Nxf7 {#r} 1-0

[Event "It (open) (active)"]
[Site "masterchessopen.com - Kirchheim (Germany)"]
[Round "0"]
[White "Jaeschke Benno (GER)"]
[Black "Kluss Kai (GER)"]
[Result "0-1"]
[WhiteElo "2224"]
[BlackElo "2150"]

1.d4 Nf6 2.c4 e6 3.Nf3 c5 4.d5 exd5 5.cxd5 d6 6.Nc3 g6 7.e4 Bg7 8.h3 O-O 9.Be3
b5 10.Bxb5 Nxe4 11.Nxe4 Qa5+ 12.Nc3 Bxc3+ 13.bxc3 Qxb5 14.Rb1 Qc4 15.Qb3 Ba6
16.Kd1 Qe4 17.Nd2 Qxg2 18.Kc2 c4 19.Nxc4 Qxd5 20.Nd2 Qd3+ 21.Kb2 Nc6 22.Ka1
Rab8 23.Qa3 d5 24.Nf3 Rfc8 25.Nd4 Ne5 26.Rhd1 Rxb1+ 27.Rxb1 Nc4 28.Qb4 Rc7
{#R} 0-1

[Event "Ch Hungary (corr.)"]
[Site "masterchessopen.com - Hungary"]
[Round "0"]
[White "Kulcsar Gabor (HUN)"]
[Black "Andic B (BIH)"]
[Result "0-1"]
[WhiteElo "2094"]
[BlackElo "2125"]

1.d4 Nf6 2.c4 e6 3.Nf3 c5 4.d5 exd5 5.cxd5 d6 6.Nc3 g6 7.e4 Bg7 8.h3 O-O 9.Bd3
Re8 10.O-O c4 11.Bc2 b5 12.Nxb5 Nxe4 13.Bxe4 Rxe4 14.Nd2 Rh4 15.Qe2 Bxh3
16.Nxc4 Bxg2 17.Kxg2 Qd7 18.Qf3 Rg4+ 19.Kh1 Rxc4 20.a4 Rxa4 21.Rxa4 Qxb5
22.Qd1 Nd7 23.Re1 Nc5 24.Rh4 Nd3 25.Re2 Nxc1 {#R} 0-1

[Event "Ch World (team) (under 26)"]
[Site "masterchessopen.com - Maringa (Brazil)"]
[Round "2"]
[White "Manninen Marko (FIN)"]
[Black "Wians Camille (LUX)"]
[Result "1-0"]
[WhiteElo "2377"]
[BlackElo "2239"]

1.d4 Nf6 2.c4 e6 3.Nf3 c5 4.d5 exd5 5.cxd5 d6 6.Nc3 g6 7.e4 Bg7 8.h3 O-O 9.Bd3
b5 10.Nxb5 Nxe4 11.Bxe4 Re8 12.Ng5 Qa5+ 13.Nc3 h6 14.Ne6 Ba6 15.Qc2 fxe6
16.Be3 Nd7 17.dxe6 Rab8 18.exd7 Rxe4 19.Qxe4 Bxc3+ 20.Kd1 Bxb2 21.Qxg6+ Bg7
22.Qe8+ Kh7 23.Qxb8 Bb5 24.Qxb5 Qxb5 25.d8=Q Qd3+ 26.Bd2 Bxa1 27.Qe7+ Bg7
28.Re1 c4 {#r} 1-0

[Event "It \"]
[Site "masterchessopen.com - Spain"]
[Round "3"]
[White "Gavin Roche Enrique (ESP)"]
[Black "Veras Sanz Marino (ESP)"]
[Result "1-0"]
[WhiteElo "2253"]
[BlackElo "2037"]

1.d4 Nf6 2.Nf3 g6 3.c4 c5 4.d5 e6 5.Nc3 exd5 6.cxd5 d6 7.e4 Bg7 8.h3 O-O 9.Bd3
b5 10.Nxb5 Nxe4 11.Bxe4 Re8 12.Ng5 Ba6 13.a4 Bf6 14.Ne6 fxe6 15.dxe6 Rxe6
16.Qd5 Qe8 17.Nc7 {#r} 1-0

[Event "It (cat.4)"]
[Site "masterchessopen.com - Tel Aviv (Israel)"]
[Round "0"]
[White "Shabtai Ran (ISR)"]
[Black "Sindik Ervin (CRO)"]
[Result "1-0"]
[WhiteElo "2246"]
[BlackElo "2325"]

1.d4 Nf6 2.c4 e6 3.Nc3 c5 4.d5 exd5 5.cxd5 g6 6.e4 d6 7.Nf3 Bg7 8.h3 O-O 9.Bd3
Re8 10.O-O c4 11.Bc2 b5 12.Nxb5 Nxe4 13.Re1 Bd7 14.Rxe4 Bxb5 15.Bg5 Qc8 16.Nd4
Bd7 17.Qd2 Qc5 18.Rxe8+ Bxe8 19.Re1 Na6 20.Nf3 c3 21.Qe2 Bb5 22.Bd3 Bxd3
23.Qe8+ Bf8 24.Qxa8 Nc7 25.Bh6 Nxa8 26.Re8 {#r} 1-0

[Event "It (open)"]
[Site "masterchessopen.com - Zaragoza (Spain)"]
[Round "6"]
[White "Langeweg Kick (NED)"]
[Black "Gomez Luesia Jesus (ESP)"]
[Result "1-0"]
[WhiteElo "2309"]
[BlackElo "2166"]

1.d4 Nf6 2.Nf3 e6 3.c4 c5 4.d5 exd5 5.cxd5 d6 6.Nc3 g6 7.e4 Bg7 8.h3 O-O 9.Bd3
Re8 10.O-O a6 11.a4 c4 12.Bc2 Nbd7 13.Be3 Qc7 14.Re1 b6 15.Qd2 Nc5 16.Bd4 Rb8
17.e5 Nfd7 18.exd6 Rxe1+ 19.Rxe1 Qxd6 20.Re8+ Bf8 21.Qh6 f6 22.Bxg6 hxg6
23.Qxg6+ Kh8 24.Ng5 {#r} 1-0

[Event "Ch World (seniors)"]
[Site "masterchessopen.com - Bad Woerishofen (Germany)"]
[Round "8"]
[White "Baumgartner Walter (SUI)"]
[Black "Suetin Alexei S (RUS)"]
[Result "0-1"]
[WhiteElo "2087"]
[BlackElo "2327"]

1.d4 Nf6 2.c4 c5 3.d5 e6 4.Nc3 exd5 5.cxd5 d6 6.e4 g6 7.Nf3 Bg7 8.h3 O-O 9.Bd3
b5 10.Bxb5 Nxe4 11.Qb3 Qa5 12.Bd2 Nxd2 13.Nxd2 Ba6 14.Bxa6 Nxa6 15.Nc4 Rfe8+
16.Kd1 Qd8 17.Nb5 Rb8 18.Qa4 Qg5 19.Ne3 Rxe3 20.fxe3 Qxd5+ 21.Ke1 Qxg2 22.Rf1
Nb4 {#R} 0-1

[Event "It (open) \"]
[Site "masterchessopen.com - Pardubice (Czech Republic)"]
[Round "0"]
[White "Votava Jan (CZE)"]
[Black "Knazovcik Ladislav (CZE)"]
[Result "1-0"]
[WhiteElo "2538"]
[BlackElo "2257"]

1.d4 Nf6 2.c4 c5 3.d5 e6 4.Nf3 exd5 5.cxd5 d6 6.Nc3 g6 7.e4 Bg7 8.h3 O-O 9.Bd3
b5 10.Nxb5 Nxe4 11.Bxe4 Re8 12.Ng5 Qa5+ 13.Nc3 Ba6 14.Bd2 f5 15.Qc2 Nd7 16.Ne6
fxe4 17.Nxe4 Qb5 18.O-O-O Rab8 19.Bc3 Rxe6 20.dxe6 Ne5 21.Nxd6 Qb6 22.e7 Nd3+
23.Rxd3 Bxd3 24.Qxd3 Bxc3 25.Qc4+ {#r} 1-0

[Event "Match"]
[Site "masterchessopen.com - Veldhoven (Netherlands)"]
[Round "6"]
[White "Daamen Ferry (NED)"]
[Black "Simons Rudi (NED)"]
[Result "1-0"]
[WhiteElo "2063"]
[BlackElo "2088"]

1.d4 Nf6 2.c4 c5 3.d5 e6 4.Nc3 exd5 5.cxd5 d6 6.e4 g6 7.Nf3 Bg7 8.h3 O-O 9.Bd3
a6 10.a4 Re8 11.O-O c4 12.Bc2 Nbd7 13.Be3 Qc7 14.Bd4 b6 15.Re1 Bb7 16.Qd2 Re7
17.Nh2 Rae8 18.Ng4 Nxg4 19.hxg4 Ne5 20.f3 Nd3 21.Bxg7 Nxe1 22.Bf6 Qc5+ 23.Kh1
Re6 24.dxe6 Rxe6 25.Bd4 Nxf3 26.gxf3 {#r} 1-0

[Event "It (open)"]
[Site "masterchessopen.com - Zalaegerszeg (Hungary)"]
[Round "0"]
[White "Petran Pal (HUN)"]
[Black "Schroter Tamas (HUN)"]
[Result "1-0"]
[WhiteElo "2485"]
[BlackElo "2219"]

1.d4 Nf6 2.c4 e6 3.Nc3 c5 4.d5 exd5 5.cxd5 d6 6.Nf3 g6 7.e4 Bg7 8.h3 O-O 9.Bd3
b6 10.O-O Ba6 11.Re1 Qc8 12.Bf4 Rd8 13.Bxa6 Nxa6 14.Rc1 Qb7 15.Nb5 Ne8 16.Qd2
Nac7 17.Nxc7 Nxc7 18.Bh6 Re8 19.Rcd1 Rad8 20.Bxg7 Kxg7 21.Nh2 Nb5 22.Ng4 Qe7
23.Qh6+ Kh8 24.e5 dxe5 25.Rxe5 Qd6 26.Rh5 Kg8 27.Qxh7+ Kf8 28.Qh8+ Ke7 29.Re5+
{#r} 1-0

[Event "It (open)"]
[Site "masterchessopen.com - Forli (Italy)"]
[Round "1"]
[White "Arlandi Ennio (ITA)"]
[Black "Pieri Filippo (ITA)"]
[Result "1-0"]
[WhiteElo "2440"]
[BlackElo "2210"]

1.d4 Nf6 2.c4 c5 3.d5 e6 4.Nc3 exd5 5.cxd5 d6 6.e4 g6 7.Nf3 Bg7 8.h3 O-O 9.Bd3
b5 10.Nxb5 Nxe4 11.O-O a6 12.Na3 Nf6 13.Nc4 Bb7 14.Bf4 Nxd5 15.Bxd6 Re8
16.Bxc5 Re6 17.Re1 Nd7 18.Ba3 Nf4 19.Rxe6 fxe6 20.Nd6 Bd5 21.Be4 Ne5 22.Bxd5
exd5 23.g3 Nxh3+ 24.Kg2 Qf6 25.Qxd5+ Kh8 26.Qxa8+ {#r} 1-0

[Event "It (open)"]
[Site "masterchessopen.com - Horni Becva (Czech Republic)"]
[Round "0"]
[White "Dubinka Inna (UKR)"]
[Black "Simacek Pavel (CZE)"]
[Result "1-0"]
[WhiteElo "2140"]
[BlackElo "2462"]

1.d4 Nf6 2.c4 c5 3.d5 e6 4.Nc3 exd5 5.cxd5 d6 6.e4 g6 7.Nf3 Bg7 8.h3 O-O 9.Bd3
b5 10.Nxb5 Nxe4 11.Bxe4 Qa5+ 12.Nc3 Re8 13.O-O Bxc3 14.bxc3 Rxe4 15.Ng5 Re5
16.Qf3 Rf5 17.Qe4 Qd8 18.Qh4 h5 19.g4 Rxd5 20.gxh5 Qf6 21.hxg6 Qxg6 22.Kh2
Rxg5 23.Bxg5 Qh7 24.Rg1 Qxh4 25.Bxh4+ Kf8 26.Rad1 Be6 27.Rxd6 Nd7 28.Rgd1 Ke8
29.Re1 {#r} 1-0

[Event "It (open)"]
[Site "masterchessopen.com - Las Vegas (USA)"]
[Round "0"]
[White "Browne Walter S (USA)"]
[Black "Fink Stanley (USA)"]
[Result "1-0"]
[WhiteElo "2515"]
[BlackElo "2105"]

1.d4 Nf6 2.c4 c5 3.d5 e6 4.Nc3 exd5 5.cxd5 d6 6.e4 g6 7.Nf3 Bg7 8.h3 O-O 9.Bd3
Na6 10.O-O Nc7 11.Re1 Rb8 12.a4 a6 13.Bf1 Re8 14.Bf4 b5 15.e5 dxe5 16.Nxe5 Rb7
17.Nc6 Qd7 18.Bxc7 b4 19.Rxe8+ Qxe8 20.Be5 bxc3 21.bxc3 Rb2 22.Qf3 Ng4 23.Bxg7
Rxf2 24.Qg3 Kxg7 25.hxg4 {#r} 1-0

[Event "It"]
[Site "masterchessopen.com - Linares (Mexico)"]
[Round "5"]
[White "Browne Walter S (USA)"]
[Black "Hernandez Gilberto (MEX)"]
[Result "1-0"]
[WhiteElo "2515"]
[BlackElo "2510"]

1.d4 Nf6 2.c4 c5 3.d5 e6 4.Nc3 exd5 5.cxd5 d6 6.e4 g6 7.Nf3 Bg7 8.h3 O-O 9.Bd3
a6 10.a4 Nbd7 11.O-O Qe7 12.Re1 Rb8 13.Bf4 Ne8 14.Bg5 f6 15.Bh4 Ne5 16.Nxe5
dxe5 17.a5 Nd6 18.Na4 c4 19.Bf1 Bd7 20.Nb6 Bb5 21.Rc1 g5 22.Bg3 f5 23.exf5
Nxf5 24.Bxc4 Bxc4 25.Rxc4 Nxg3 26.d6 Qe6 27.fxg3 Rbd8 28.d7 {#r} 1-0

[Event "It"]
[Site "masterchessopen.com - Salta (Argentina)"]
[Round "8"]
[White "Belmonte Diego Mariano (ARG)"]
[Black "Acosta Tomas (ARG)"]
[Result "0-1"]
[WhiteElo "2209"]
[BlackElo "2275"]

1.d4 Nf6 2.c4 c5 3.d5 e6 4.Nc3 exd5 5.cxd5 d6 6.e4 g6 7.Nf3 Bg7 8.h3 O-O 9.Bd3
a6 10.a4 Nbd7 11.Bf4 Qc7 12.O-O Rb8 13.Re1 Re8 14.Bc4 Nh5 15.Bh2 Ne5 16.Nxe5
dxe5 17.d6 Qd8 18.Qf3 Rf8 19.g4 Qg5 20.Kh1 Nf6 21.Qg3 Re8 22.f4 exf4 23.Qf2
Bh6 24.Rad1 Bd7 25.Rf1 Nxe4 26.Nxe4 Rxe4 27.Bd5 Re3 28.Bxf7+ Kh8 29.Rd5 Bc6
{#R} 0-1

[Event "Ch Switzerland"]
[Site "masterchessopen.com - Silvaplana (Switzerland)"]
[Round "0"]
[White "Costa Jean-Luc (SUI)"]
[Black "Walther Edgar (SUI)"]
[Result "1-0"]
[WhiteElo "2425"]
[BlackElo "2254"]

1.d4 Nf6 2.c4 e6 3.Nf3 c5 4.d5 exd5 5.cxd5 d6 6.Nc3 g6 7.e4 Bg7 8.h3 O-O 9.Bd3
b5 10.Nxb5 Nxe4 11.Bxe4 Re8 12.Ng5 h6 13.Ne6 Qa5+ 14.Nc3 Bxc3+ 15.bxc3 Qxc3+
16.Bd2 Qe5 17.O-O Rxe6 18.Re1 Bd7 19.Qc2 f5 20.Bf3 Qg7 21.Bc3 Qf8 22.Qb3 Rxe1+
23.Rxe1 Be8 24.Qb7 {#r} 1-0

[Event "It (open) \"]
[Site "masterchessopen.com - Berlin (Germany)"]
[Round "0"]
[White "Lehmann Heinz G (GER)"]
[Black "Keil Uwe (GER)"]
[Result "1-0"]
[WhiteElo "2290"]
[BlackElo "2137"]

1.d4 Nf6 2.c4 c5 3.d5 e6 4.Nc3 exd5 5.cxd5 d6 6.e4 g6 7.Nf3 Bg7 8.h3 O-O 9.Bd3
b5 10.Nxb5 Nxe4 11.Bxe4 Re8 12.Ng5 Qa5+ 13.Nc3 Ba6 14.Bd2 Nd7 15.Qc2 f5 16.Ne6
Ne5 17.f4 Nc4 18.Bd3 Rab8 19.Bxc4 Bxc4 20.Kf2 Bd4+ 21.Kg3 Qb4 22.Nxd4 cxd4
23.Ne4 Qxb2 24.Qxb2 Rxb2 25.Nxd6 {#r} 1-0

[Event "Ch Hungary (team) 1993/94"]
[Site "masterchessopen.com - Hungary"]
[Round "0"]
[White "Sinkovics Peter (HUN)"]
[Black "Pacsay Laszlo (HUN)"]
[Result "1-0"]
[WhiteElo "2317"]
[BlackElo "2204"]

1.d4 Nf6 2.c4 e6 3.Nf3 c5 4.d5 exd5 5.cxd5 d6 6.Nc3 g6 7.e4 Bg7 8.h3 O-O 9.Bd3
a6 10.a4 Nbd7 11.O-O Re8 12.Bf4 Qe7 13.Bh2 h6 14.Re1 Nh7 15.Nd2 Ne5 16.Nc4
Nxc4 17.Bxc4 Bd4 18.Qd2 g5 19.Ne2 Be5 20.Bxe5 Qxe5 21.Ng3 Bd7 22.a5 Rad8
23.Re3 Nf6 24.Rae1 h5 25.Rf3 h4 26.Nf5 Nh7 27.Nh6+ {#r} 1-0

[Event "It (open)"]
[Site "masterchessopen.com - Wiesbaden (Germany)"]
[Round "6"]
[White "Bartsch Claudia (GER)"]
[Black "Sabel Reinhard (GER)"]
[Result "1-0"]
[WhiteElo "2109"]
[BlackElo "2020"]

1.d4 Nf6 2.c4 c5 3.d5 e6 4.Nc3 exd5 5.cxd5 d6 6.e4 g6 7.Nf3 Bg7 8.h3 O-O 9.Bf4
a6 10.a4 Re8 11.Bd3 Nxe4 12.Bxe4 f5 13.O-O fxe4 14.Nd2 Be5 15.Bxe5 Rxe5
16.Ndxe4 Bf5 17.Re1 Qe7 18.f4 Rxe4 19.Nxe4 Nd7 20.Ng5 {#r} 1-0

[Event "It (cat.15)"]
[Site "masterchessopen.com - Biel (Switzerland)"]
[Round "6"]
[White "Dreev Alexey (RUS)"]
[Black "De Firmian Nick E (USA)"]
[Result "1-0"]
[WhiteElo "2670"]
[BlackElo "2605"]

1.d4 Nf6 2.c4 e6 3.Nf3 c5 4.d5 exd5 5.cxd5 d6 6.Nc3 g6 7.e4 Bg7 8.h3 O-O 9.Bd3
b5 10.Nxb5 Re8 11.O-O Nxe4 12.Re1 a6 13.Na3 Nf6 14.Rxe8+ Nxe8 15.Bg5 { ! }
15...Bf6 16.Qd2 Nd7 17.Nc4 Bb7 18.Be4 { ? } 18...Bxg5 19.Nxg5 Ndf6 20.Re1 h6 {
? } 21.Nxf7 { ! } 21...Kxf7 22.Qxh6 Ng7 23.Bxg6+ Kg8 24.Re6 { ! } 24...Bxd5 (
24...Nxe6 25.dxe6 { +?? } ) 25.Rxd6 Bxc4 ( 25...Qe7 26.Rxd5 { ! +?? } )
26.Rxd8+ Rxd8 27.Qh4 {#r} 1-0

[Event "Czech League 1994/95 (2nd) (c)"]
[Site "masterchessopen.com - Czech Republic"]
[Round "6"]
[White "Votava Petr (CZE)"]
[Black "Kasik Miroslav (CZE)"]
[Result "1-0"]
[WhiteElo "2119"]
[BlackElo "1988"]

1.d4 Nf6 2.Nf3 e6 3.c4 c5 4.d5 exd5 5.cxd5 d6 6.Nc3 g6 7.e4 Bg7 8.h3 O-O 9.Bd3
Re8 10.O-O Na6 11.Bg5 h6 12.Be3 Bd7 13.Nd2 Nb4 14.Bc4 Rb8 15.a3 Na6 16.Qe2 Nc7
17.a4 a6 18.a5 Qe7 19.Bf4 Nh5 20.Bh2 f5 21.exf5 Qg5 22.Nce4 Qxf5 23.Bxd6 Nf4
24.Qf3 Nxh3+ 25.Qxh3 Qxh3 26.gxh3 Bxh3 27.Rfe1 {#r} 1-0

[Event "Ch Moscow (open)"]
[Site "masterchessopen.com - Moscow (Russia)"]
[Round "1"]
[White "Annakov Babakuli (USA)"]
[Black "Shmatkov Mikhail (RUS)"]
[Result "1-0"]
[WhiteElo "2410"]
[BlackElo "2220"]

1.d4 Nf6 2.c4 c5 3.d5 e6 4.Nc3 exd5 5.cxd5 d6 6.e4 g6 7.Nf3 Bg7 8.h3 O-O 9.Bd3
b5 10.Bxb5 Nxe4 11.Nxe4 Qa5+ 12.Nfd2 Qxb5 13.Nxd6 {#r} 1-0

[Event "Ch Moscow (open)"]
[Site "masterchessopen.com - Moscow (Russia)"]
[Round "8"]
[White "Rychagov Andrey (RUS)"]
[Black "Petrov Mikhail (RUS)"]
[Result "1-0"]
[WhiteElo "2310"]
[BlackElo "2260"]

1.d4 Nf6 2.Nf3 e6 3.c4 c5 4.d5 exd5 5.cxd5 d6 6.Nc3 g6 7.e4 Bg7 8.h3 O-O 9.Bd3
Na6 10.O-O Nc7 11.a4 b6 12.Bf4 Nfe8 13.Re1 f6 14.Rb1 Na6 15.Na2 Nb8 16.b4 Nd7
17.Bb5 a6 18.Bc6 Ra7 19.bxc5 bxc5 20.Nd2 Ne5 21.Bxe5 fxe5 22.Rb8 Raf7 23.Re2
Nf6 24.Nc4 Qe7 25.Nc1 Nh5 26.Nd3 Qg5 27.Rxc8 Rxc8 28.Nxd6 Rcf8 29.Nxf7 Rxf7
{#r} 1-0

[Event "Tournament (Elo)"]
[Site "masterchessopen.com - Rio de Janeiro (Brazil)"]
[Round "7"]
[White "Rios Filho Hilton Carlos (BRA)"]
[Black "Alvim Antonio Carlos (BRA)"]
[Result "1-0"]
[WhiteElo "2335"]
[BlackElo "2225"]

1.d4 Nf6 2.c4 e6 3.Nf3 c5 4.d5 exd5 5.cxd5 d6 6.Nc3 g6 7.e4 Bg7 8.h3 O-O 9.Bd3
Na6 10.O-O Nc7 11.a4 Re8 12.Bf4 a6 13.Nd2 Rb8 14.Nc4 Bf8 15.a5 Nb5 16.Re1 Bd7
17.Na4 Nh5 18.Bh2 Qg5 19.Kh1 Qh4 20.Nab6 Bxh3 21.gxh3 Qxf2 22.Nd7 Ng3+ 23.Bxg3
Qxg3 24.Re3 Qh4 25.Qg4 Qxg4 26.hxg4 Bh6 27.Ree1 {#r} 1-0

[Event "Ch Sweden (open)"]
[Site "masterchessopen.com - Sollentuna (Sweden)"]
[Round "8"]
[White "Dzevlan Miralem (BIH)"]
[Black "Collett Peter (SWE)"]
[Result "1-0"]
[WhiteElo "2380"]
[BlackElo "2206"]

1.d4 Nf6 2.c4 e6 3.Nf3 c5 4.d5 exd5 5.cxd5 d6 6.Nc3 g6 7.e4 Bg7 8.h3 O-O 9.Bd3
Re8 10.O-O Nbd7 11.Bf4 Nb6 12.Re1 a6 13.a4 c4 14.Bf1 Qc7 15.Nd2 Bd7 16.a5 Nc8
17.Nxc4 Bb5 18.Nxd6 Nxd6 19.Bxb5 axb5 20.Nxb5 Qc5 21.Nxd6 Re7 22.Qd2 Nh5
23.Rac1 Qd4 24.Qxd4 Bxd4 25.Bd2 Bxb2 26.Rb1 Rd7 27.Rxb2 {#r} 1-0

[Event "Cup Rilton"]
[Site "masterchessopen.com - Stockholm (Sweden)"]
[Round "9"]
[White "Sjoberg Mats (SWE)"]
[Black "Wedberg Tom (SWE)"]
[Result "0-1"]
[WhiteElo "2450"]
[BlackElo "2455"]

1.d4 Nf6 2.c4 e6 3.Nf3 c5 4.d5 d6 5.Nc3 exd5 6.cxd5 g6 7.e4 Bg7 8.h3 O-O 9.Bd3
Re8 10.O-O c4 11.Bc2 b5 12.a3 Na6 13.Be3 Bd7 14.Re1 Qc7 15.Nd4 Rab8 16.a4 bxa4
17.Bxa4 Nc5 18.Bxd7 Nfxd7 19.Nc6 Rb7 20.Ra5 a6 21.Bxc5 Nxc5 22.Re2 Nd3 23.Ra2
Rb3 24.Qa1 Nxb2 25.e5 dxe5 26.Rexb2 Rxc3 27.Rxa6 e4 28.Ra7 Qf4 29.Re7 Rc1+
{#R} 0-1

[Event "It (open)"]
[Site "masterchessopen.com - Gent (Belgium)"]
[Round "1"]
[White "Mohandesi Shahin (IRI)"]
[Black "Boots J"]
[Result "1-0"]
[WhiteElo "2355"]
[BlackElo "1825"]

1.d4 Nf6 2.Nf3 e6 3.c4 c5 4.d5 exd5 5.cxd5 d6 6.Nc3 g6 7.e4 Bg7 8.h3 O-O 9.Bd3
Re8 10.O-O a6 11.a4 Nbd7 12.Bf4 Ne5 13.Nxe5 dxe5 14.Be3 b6 15.a5 Bd7 16.Qc2
Qc7 17.axb6 Qxb6 18.Na4 Bxa4 19.Rxa4 Bf8 20.Rfa1 Reb8 21.Rxa6 {#r} 1-0

[Event "It (open)"]
[Site "masterchessopen.com - Goch (Germany)"]
[Round "7"]
[White "Wolkowski Boris"]
[Black "Zurmely Frank (FRA)"]
[Result "0-1"]
[WhiteElo "2050"]
[BlackElo "2239"]

1.d4 Nf6 2.c4 c5 3.d5 e6 4.Nc3 exd5 5.cxd5 d6 6.e4 g6 7.Nf3 Bg7 8.h3 O-O 9.Bd3
b5 10.Nxb5 Nxe4 11.Bxe4 Re8 12.Ng5 Qa5+ 13.Nc3 h6 14.Ne6 Bxc3+ 15.bxc3 Ba6
16.Bd2 Qb5 17.Bxg6 fxg6 18.Qg4 Kh7 19.O-O-O Nd7 20.Qf4 Rxe6 21.Qf7+ Kh8
22.Bxh6 Rg8 23.dxe6 Ne5 24.Qf6+ Kh7 25.Qh4 Rb8 26.Rde1 {#R} 0-1

[Event "Ch Russia (club) (1 liga)"]
[Site "masterchessopen.com - Orel (Russia)"]
[Round "7"]
[White "Namgilov Sogto (RUS)"]
[Black "Berelovich Aleksandar (GER)"]
[Result "1-0"]
[WhiteElo "2495"]
[BlackElo "2500"]

1.d4 Nf6 2.c4 e6 3.Nf3 c5 4.d5 exd5 5.cxd5 d6 6.Nc3 g6 7.e4 Bg7 8.h3 O-O 9.Bd3
b5 10.Nxb5 Re8 11.O-O Nxe4 12.Bxe4 Rxe4 13.Ng5 Re7 14.Re1 a6 15.Nc3 Rxe1+
16.Qxe1 Nd7 17.Nge4 Ne5 18.Bg5 f6 19.Bf4 Nf7 20.Nd2 Ra7 21.Nc4 Re7 22.Qd1 {#r}
1-0

[Event "Ch Europe (juniors) (under 18) (g)"]
[Site "masterchessopen.com - Rimavska Sobota (Slovakia)"]
[Round "6"]
[White "Javakhishvili Eka (GEO)"]
[Black "Gordon Viktoria (UKR)"]
[Result "0-1"]
[WhiteElo "2100"]
[BlackElo "2222"]

1.d4 Nf6 2.c4 c5 3.d5 e6 4.Nc3 exd5 5.cxd5 d6 6.e4 g6 7.Nf3 Bg7 8.h3 O-O 9.Bd3
Re8 10.O-O a6 11.a4 Nbd7 12.Re1 Qc7 13.Bf4 Rb8 14.Nd2 Ne5 15.Bf1 h6 16.a5 Nfd7
17.Bg3 g5 18.Ra3 b5 19.axb6 Qxb6 20.Rb3 Qc7 21.Nc4 Nxc4 22.Bxc4 Ne5 23.Bxe5
Bxe5 24.Qc2 Rb4 25.Rxb4 cxb4 26.Qa4 Bd7 {#R} 0-1

[Event "Cup Tel Aviv (active)"]
[Site "masterchessopen.com - Tel Aviv (Israel)"]
[Round "2"]
[White "Har-Zvi Ronen (ISR)"]
[Black "Blodstein Arkady (ISR)"]
[Result "1-0"]
[WhiteElo "2495"]
[BlackElo "2330"]

1.d4 Nf6 2.Nf3 c5 3.d5 d6 4.c4 e6 5.Nc3 exd5 6.cxd5 g6 7.e4 Bg7 8.h3 O-O 9.Bd3
b5 10.Nxb5 Nxe4 11.Bxe4 Re8 12.Ng5 Ba6 13.a4 Bf6 14.Ne6 Qb6 15.O-O Nd7 16.Nec7
Bxb5 17.Nxa8 Qb8 18.axb5 Rxe4 {#r} 1-0

[Event "It (open)"]
[Site "masterchessopen.com - Yalta (Ukraine)"]
[Round "9"]
[White "Timoshenko Georgy (UKR)"]
[Black "Chehlov Aleksander (LAT)"]
[Result "1-0"]
[WhiteElo "2510"]
[BlackElo "2270"]

1.d4 Nf6 2.c4 c5 3.d5 e6 4.Nc3 exd5 5.cxd5 d6 6.e4 g6 7.Nf3 Bg7 8.h3 O-O 9.Bd3
b5 10.Nxb5 Nxe4 11.Bxe4 Re8 12.Ng5 Bf6 13.O-O a6 14.Ne6 fxe6 15.dxe6 axb5
16.Bxa8 Bxe6 17.Bd5 Kg7 18.Bxe6 Rxe6 19.Qb3 Qe8 20.a4 bxa4 21.Rxa4 Nc6 22.Be3
Qf7 23.Qb6 Ne7 24.Ra7 h6 25.Bf4 Bd4 26.Bxd6 Bxf2+ 27.Kh1 Qf6 28.Bxe7 {#r} 1-0

[Event "Ch Paraguay"]
[Site "masterchessopen.com - Asuncion (Paraguay)"]
[Round "3"]
[White "Peralta Eduardo (PAR)"]
[Black "Gamarra Ramon (PAR)"]
[Result "1-0"]
[WhiteElo "2340"]
[BlackElo "1961"]

1.c4 Nf6 2.Nc3 e6 3.d4 c5 4.d5 exd5 5.cxd5 d6 6.e4 g6 7.Nf3 Bg7 8.h3 O-O 9.Bd3
b6 10.O-O Ba6 11.Bf4 Bxd3 12.Qxd3 a6 13.a4 Re8 14.Rfe1 Nh5 15.Bg5 Qc7 16.g4
Nf6 17.e5 Nfd7 18.exd6 Rxe1+ 19.Rxe1 Qxd6 20.Re8+ Nf8 21.Ne4 Qc7 22.Bf6 Qf4
23.Bxg7 Kxg7 24.Qc3+ f6 25.Re7+ Kh6 26.g5+ {#r} 1-0